Movies Quiz

Random Movies or Oscar Quiz

Only Best Picture Appearance Quiz Stats

 Plays Quiz Updated Feb 29, 2016

Challenge
Share
Tweet
Embed
Score 0/42 Timer 10:00
2 Plays Today
Actor/Actress Best Picture % Correct
Sylvester StalloneRocky
80.9%
Tom HanksForrest Gump
77.3%
Hilary SwankMillion Dollar Baby
76.5%
Mel GibsonBraveheart
72.7%
Julie AndrewsThe Sound of Music
72.4%
Jodie FosterThe Silence of the Lambs
70.5%
Kevin CostnerDances with Wolves
68.7%
Kevin SpaceyAmerican Beauty
67.7%
Ian McKellenThe Lord of the Rings: The Return of the King
66.9%
Woody AllenAnnie Hall
64%
Humphrey BogartCasablanca
63.4%
Liam NeesonSchindler's List
59.2%
Vivien LeighGone with the Wind
58.1%
George C. ScottPatton
57.7%
Matt DamonThe Departed
56.4%
Charlie SheenPlatoon
55.6%
Joaquin PhoenixGladiator
53%
Jessica TandyDriving Miss Daisy
52.8%
Jennifer ConnellyA Beautiful Mind
52.7%
Tommy Lee JonesNo Country for Old Men
50.6%
Sandra BullockCrash
45.6%
Actor/Actress Best Picture % Correct
Tom CruiseRain Man
44.4%
Sidney PoitierIn the Heat of the Night
42%
Paul NewmanThe Sting
40.5%
Natalie WoodWest Side Story
40.1%
Omar SharifLawrence of Arabia
38.3%
Jeremy RennerThe Hurt Locker
37.8%
Richard GereChicago
35.7%
Jack LemmonThe Apartment
32.6%
Audrey HepburnMy Fair Lady
32.1%
Bette DavisAll About Eve
30.7%
Helena Bonham CarterThe King's Speech
30.4%
Claudette ColbertIt Happened One Night
26.4%
Burt LancasterFrom Here to Eternity
24.2%
Christopher LloydOne Flew Over the Cuckoo's Nest
23.9%
Bill PaxtonTitanic
23.7%
Gene KellyAn American in Paris
22.4%
Rachel McAdamsSpotlight
18.9%
Brad Pitt12 Years a Slave
17.8%
David NivenAround the World in 80 Days
15.8%
Greta GarboGrand Hotel
14.9%
Charles LaughtonMutiny on the Bounty
14.2%

You're not logged in!

Compare scores with friends on all Sporcle quizzes.
Join for Free
OR
Log In

You Might Also Like...

Show Comments

Extras

Top Quizzes Today


Score Distribution

Your Account Isn't Verified!

In order to create a playlist on Sporcle, you need to verify the email address you used during registration. Go to your Sporcle Settings to finish the process.

Report this User

Report this user for behavior that violates our Community Guidelines.

Details: